| 000 | 00349nam a2200133Ia 4500 | ||
|---|---|---|---|
| 008 | 240624s9999 xx 000 0 und d | ||
| 041 | _aeng | ||
| 082 | _a519.5 JAC | ||
| 100 | _aJACCARD JAMES | ||
| 245 | _aTHEORY CONSTRUCTION AND MODEL BUILDING S | ||
| 260 |
_c2010 _aNew York _bThe Guilford Press |
||
| 300 | _axx, 391 p.; 23 cm. | ||
| 365 |
_c _b25 |
||
| 999 |
_c31906 _d31906 |
||